Responses for show #8585 - Friday, February 25, 2022

Contestants

[<< previous game]

Theresa Donohoe, an inventory planning analyst from Waltham, Massachusetts

Max Fronek, a creative director from West Hollywood, California

Christine Whelchel, a piano teacher and church organist from Spring Hill, Tennessee (whose 2-day cash winnings total $44,600)

[next game >>]

Jeopardy! Round responses

BIG TEN GEOGRAPHY
COMMON COMMODITIES
THE DISNEY LADY SINGS
(Ken: You'll have to give us the movie.)
KINDS OF CARE
A FEW COLORFUL WORDS
LAST LINE OF A SHAKESPEARE ACT
    $200 29
(Max: What is Des Moines?)

Iowa City

Max
Triple Stumper
    $200 26
gold

Max
    $200 1
Beauty and the Beast

Max
    $200 19
daycare facilities

Max
    $200 9
cardinal

Theresa
    $200 22
King Lear

Theresa
    $400 4
Champaign

Christine
    $400 25
pork bellies

Christine
    $400 5
(Theresa: What is Cinderella?)

Snow White (and the Seven Dwarfs)

ChristineTheresa
    $400 14
self-care

Christine
    $400 10
rod

Christine
    $2,500 18
(Christine: Who is Antony?)

Cleopatra

Christine
    $600 2
Nebraska & Rutgers

Max
    $600 24
natural gas

Max
    $600 6
Moana

Christine
    $600 15
caregivers

Theresa
    $600 11
purple

Christine
    $600 16
The Taming of the Shrew

Christine
    $800 3
(Ken: That's [*], Ohio State.)

Columbus

Triple Stumper
    $800 27
(Christine: What are coffee beans?)

soybeans

Christine
Triple Stumper
    $800 7
Sleeping Beauty

Christine
    $800 20
urgent care clinics

Christine
    $800 12
russet

Max
    $800 17
Hamlet

Triple Stumper
    $1000 28
Madison, Wisconsin

Triple Stumper
    $1000 30
copper

Triple Stumper
    $1000 8
(Ken: We really plumbed your Disney princess knowledge there.)

Tangled

Christine
    $1000 21
managed care organizations

Triple Stumper
    $1000 13
argent

Max
    $1000 23
(Ken: The monster is [*], from The Tempest.)

Caliban

Triple Stumper

Scores at the first commercial break (after clue 15):

Christine Max Theresa
$4,600 $2,600 $400

Scores at the end of the Jeopardy! Round:

Christine Max Theresa
$3,100 $3,400 $600

Double Jeopardy! Round responses

AFRICAN EMPIRES
THAT INVENTION IS ELECTRIC
BEFORE SHE WAS FIRST LADY
HOW PUNGENT!
TV CATCHPHRASES
3-SYLLABLE VERBS
    $400 30
the Red Sea

Max
    $400 28
a pacemaker

Christine
    $400 10
Hillary Rodham

Max
    $400 8
wolverine

Christine
    $400 24
Survivor

Max
    $400 20
undermine

Max
    $800 29
the Queen of Sheba

Christine
    $800 11
tasers

Max
    $2,000 9
(Christine: Who is Betty Ford?)

Nancy Davis (Reagan)

Christine
    $800 5
a corpse

Theresa
    $800 16
Jon Snow

Max
    $800 3
disavow

Max
    $1200 27
Carthage

Theresa
    $4,000 12
a wheelchair

Max
    $1200 21
Bess Truman

Christine
    $1200 6
Monsters, Inc.

Theresa
    $1200 15
the Borg

Christine
    $1200 1
contradict

Theresa
    $1600 25
Timbuktu

Max
    $1600 13
a battery

Triple Stumper
    $1600 22
Laura Bush

Christine
    $1600 7
brimstone

Christine
    $1600 4
"Come on down"

Christine
    $1600 2
(Theresa: What is fortify?)

amplify

ChristineTheresa
    $2000 26
Kush

Triple Stumper
    $2000 14
the relay

Triple Stumper
    $2000 23
Herbert Hoover

Triple Stumper
    $2000 18
Limburger

Max
    $2000 17
(Ken: You didn't do the voice, but I'll still give you $2,000.)

Did I do that?

Theresa
    $2000 19
disabuse

Theresa

Scores at the end of the Double Jeopardy! Round:

Christine Max Theresa
$11,500 $15,000 $7,400

[wagering suggestions for these scores]

Final Jeopardy! Round responses

AWARDS
(Ken: [To Theresa] Yes, these are the awards for science fiction and fantasy but occasionally go back and give retroactive awards to years before their 1953 founding.)
TheresaWhat are the Hugo Awards?
$7,399
ChristineWhat are Hugo Awards?
$3,501
MaxWhat is the Webbys?
$8,001
the Hugo Awards

Final scores:

Christine Max Theresa
$15,001 $6,999 $14,799
3-day champion: $59,601 3rd place: $1,000 2nd place: $2,000

Game dynamics:

Coryat scores:

Christine Max Theresa
$16,000 $12,200 $7,400
20 R,
3 W
(including 2 DDs)
17 R
(including 1 DD),
1 W
9 R,
2 W

Combined Coryat: $35,600

The J! Archive is created by fans, for fans. The Jeopardy! game show and all elements thereof, including but not limited to copyright and trademark thereto, are the property of Jeopardy Productions, Inc. and are protected under law. This website is not affiliated with, sponsored by, or operated by Jeopardy Productions, Inc. Join the discussion at JBoard.tv.